Statystyki dla Formuła 1 - kalendarz na sezon 1952

Kliknij tutaj aby rozwiązać quiz!

Ogólne statystyki

  • Ten quiz został rozwiązany 63 razy
  • Średni wynik to 7 z 8

Statystyki odpowiedzi

RundaNazwa GP% Poprawnych
8Grand Prix Włoch
96%
5Grand Prix Wielkiej Brytanii
95%
6Grand Prix Niemiec
91%
4Grand Prix Francji
89%
2Indianapolis 500
88%
3Grand Prix Belgii
84%
1Grand Prix Szwajcarii
77%
7Grand Prix Holandii
70%

Rozkład punktacji

Percentyl według liczby udzielonych odpowiedzi

Procent ludzi z każdym wynikiem

Twoja historia wyników

Nie rozwiązałeś tego quizu